Inovácia riadenia modulov distribúcie polotovarov na výrobnej linke AFB Factory

Gespeichert in:
Bibliographische Detailangaben
1. Verfasser: Borovský, Tomáš (Verfasst von)
Weitere Verfasser: Juhás, Martin (Betreuung Doktorarbeit)
Format: Manuskript Buch
Sprache:Slowakisch
Veröffentlicht: 2025
Schlagworte:
Online-Zugang:http://is.stuba.sk/zp/portal_zp.pl?podrobnosti=176689
Tags: Tag hinzufügen
Keine Tags, Fügen Sie das erste Tag hinzu!

MARC

LEADER 00000ntm a22000003a 4500
001 stuzp103698
003 SK-STU
005 20250628210729.3
007 ta
008 150427s2015----xo-----f-mn---000-0-slo-d
040 |a STU  |b slo 
041 0 |a slo 
100 1 |a Borovský, Tomáš  |u 066000  |4 aut  |U MTF Materiálovotechnologická fakulta  |T MTF Ústav aplikovanej informatiky, automatizácie a mechatroniky  |X 121781  |U M6000  |Y 86  |7 121781 
242 0 1 |a Innovation of control of semi-finished products distribution modules on AFB Factory production line  |y eng 
245 1 0 |a Inovácia riadenia modulov distribúcie polotovarov na výrobnej linke AFB Factory 
260 |c 2025 
650 4 |a TIA Portal  |2 slo 
650 4 |a jazyk GRAPH  |2 slo 
650 4 |a Ladder diagram  |2 slo 
650 4 |a PLC  |2 slo 
650 4 |a PLC  |2 eng 
650 4 |a TIA Portal  |2 eng 
650 4 |a GRAPH language  |2 eng 
650 4 |a Ladder diagram  |2 eng 
700 1 |a Juhás, Martin  |u 066000  |k Z1  |4 ths  |U MTF Materiálovotechnologická fakulta  |T MTF Ústav aplikovanej informatiky, automatizácie a mechatroniky  |X 2855  |U M6000  |Y 86  |7 A000002855 
856 4 |u http://is.stuba.sk/zp/portal_zp.pl?podrobnosti=176689 
996 |c M* BP-9887  |l MMSKP  |s P  |a 0  |w stuzp103698_0001